[Event "IND-chT 41st"]
[Site "Jalgaon"]
[Date "2022.04.09"]
[Round "2.1"]
[White "Mithil, Anande P"]
[Black "Raja, Rithvik R"]
[Result "0-1"]
[WhiteElo "1698"]
[BlackElo "2490"]
[PlyCount "76"]
[EventDate "2022.04.08"]
[EventType "team-swiss"]
[EventRounds "9"]
[EventCountry "IND"]
[SourceTitle "CBM 208 Extra"]
[Source "ChessBase"]
[SourceDate "2022.07.31"]
[SourceVersion "1"]
[SourceVersionDate "2022.07.31"]
[SourceQuality "1"]
[WhiteTeam "Maharashtra"]
[BlackTeam "Airports Authority"]
[WhiteTeamCountry "IND"]
[BlackTeamCountry "IND"]

1. d4 Nf6 2. Nf3 d5 3. e3 c5 4. b3 cxd4 5. exd4 Nc6 6. Bb2 Bg4 7. Be2 e6 8. 0-0 Be7 9. Nbd2 0-0 10. a3 Rc8 11. Bd3 Re8 12. Qe1 Qc7 13. Qe3 Bd6 14. Ne5 Bf5 15. Ndf3 Ne7 16. Rfc1 Bxd3 17. Qxd3 Ng6 18. Qe3 b5 19. h4 Qb6 20. g3 Bxe5 21. Nxe5 Nxe5 22. Qxe5 Ne4 23. Kg2 Rc6 24. f3 Nd6 25. h5 h6 26. g4 a5 27. Kh3 Qc7 28. Qe2 Rc8 29. c3 a4 30. Rg1 axb3 31. g5 Nf5 32. gxh6 Qf4 33. Rg4 Qxh6 34. Re1 Rxc3 35. Bxc3 Rxc3 36. Qxb5 Qxh5+ 37. Kg2 Nh4+ 38. Rxh4 Qxf3+ 0-1